Spracovanie a analýza meraní II

Bibliographic Details
Main Authors: Labant, Slavomír, 1982- (Author), Gašinec, Juraj, 1971- (Author), Rákay, Štefan, 1980- (Author)
Format: Book
Language:Slovak
PhysicalDescription:87 strán grafy, ilustrácie, príklady, tabuľky 30 cm
Published: V Košiciach Technická univerzita v Košiciach, Fakulta baníctva, ekológie, riadenia a geotechnológií 2021
ISBN:9788055339214
Edition:Vydanie prvé
Subjects:

MARC

LEADER 00000nam a2200000 4500
001 vtls012073974
003 SK-MaSNL
005 20260301191202.0
008 250414s2021 xo dal frnp 000 0 slo
015 |a SNBA2022/07 
020 |a 9788055339214  |q (brožované) 
040 |a SNK  |b slo  |c SNK  |e AACR2 
041 0 |a slo 
044 |a xo  |c SK 
072 7 |a 528  |x Geodézia. Kartografia  |2 konspekt 
072 7 |a 37.016  |x Učebné osnovy. Vyučovacie predmety. Učebnice  |2 konspekt 
080 |a 528.2/.3  |2 2011 
080 |a 528.41  |2 2011 
080 |a 004.62  |2 2011 
080 |a 519.254  |2 2011 
080 |a (075.8)  |2 2011 
100 1 |a Labant, Slavomír,  |d 1982-  |4 aut  |9 367361 
245 1 0 |a Spracovanie a analýza meraní  |n II  |c Slavomír Labant, Juraj Gašinec, Štefan Rákay 
250 |a Vydanie prvé 
264 1 |a V Košiciach  |b Technická univerzita v Košiciach, Fakulta baníctva, ekológie, riadenia a geotechnológií  |c 2021 
300 |a 87 strán  |b grafy, ilustrácie, príklady, tabuľky  |c 30 cm 
336 |a text  |b txt  |2 rdacontent 
337 |a bez média  |b n  |2 rdamedia 
338 |a zväzok  |b nc  |2 rdacarrier 
366 |e 50 kusov 
504 |a Bibliografia na strane 84 
650 0 7 |a geodetické merania  |2 SNKPH  |9 29533 
650 0 7 |a geodetické siete  |2 SNKPH  |9 67306 
650 0 7 |a satelitné navigačné systémy  |2 SNK  |9 51037 
650 0 7 |a spracovanie dát  |2 SNKPH  |9 1841 
650 0 7 |a Geodetic measurements  |2 SNKPHeng  |9 323582 
650 0 7 |a Geodetic networks  |2 SNKPHeng  |9 345947 
650 0 7 |a Data processing  |2 SNKPHeng  |9 331340 
655 7 |a učebnice vysokých škôl  |2 SNKPH  |9 70191 
655 7 |a Textbooks (higher)  |2 SNKPHeng  |9 276436 
700 1 |a Gašinec, Juraj,  |d 1971-  |4 aut  |9 217853 
700 1 |a Rákay, Štefan,  |d 1980-  |4 aut  |9 367362 
752 |a Slovensko  |d Košice 
852 |a Slovenská národná knižnica 
919 |a 978-80-553-3921-4 
954 |a odborná, vedecká literatúra pôvodná (slovenská)  |2 lita 
954 |a NB 
999 |c 870139  |d 872069 
952 |a SNK  |b SNK  |y PREZ  |7 0  |p 17A1467324  |o snkSB 97281/2  |i snk2021/16112  |8 0  |0 0  |1 0  |4 0  |d 2021-10-19  |f 1  |l 0  |r 2025-05-16 00:00:00  |w 2026-02-24 
952 |a SNK  |b SNK  |y VYP  |7 0  |p 17A1467325  |o snkSB 97281/2 D1  |i snk2021/16113  |8 0  |0 0  |1 0  |4 0  |d 2021-10-19  |l 0  |r 2026-02-24 05:39:47  |w 2026-02-24